000
00342nam a2200145Ia 4500
008
210716s1963 xx 000 0 und d
020
_a
0393001466
041
_a
eng
082
_a
374.22 FRES
100
_a
Freud, Sigmund.
245
_a
Autobiographical study.
260
_a
New York
_c
1963
300
_a
141
650
_a
General Knowledge
999
_c
201055
_d
201055